000 00899nam a22002297a 4500
003 dpl
005 20250909161956.0
008 250909b |||||||| |||| 00| 0 eng d
010 _aB-771695
020 _a9789357314961
_c650.00
035 _aB-771695
037 _adpl
_bUppal Book Store
_c650.00
040 _c Hachette, India
082 _a032.02
245 _aLimca book of records, 2025
_bIndia at her best/
_cedited by Vatsala Kaul Banerjee
260 _aGurugram
_bHachette Book Publishing India Pvt. Ltd.
_c2025
270 _a4th & 5th Floors, Corporate Center, Plot No. 94,Sector 44
_bGurugram
_dIndia
_e122003
300 _a496p.
_bill.
_c27cm(Hb)
500 _aColoured Illustrations and pictures
942 _2ddc
_cRF
_h030.02
_mLIM
999 _c213408
_d213408